| 000 | 00660nam a2200193 a 4500 | ||
|---|---|---|---|
| 005 | 20240413063638.0 | ||
| 008 | 991125s1946 mx 000 0 spa u | ||
| 035 | _aUPN01000014998 | ||
| 049 | _aCG | ||
| 050 | 4 |
_aPQ7104 C6 _bno.30-32 |
|
| 100 | 1 |
_aRobles, Antonio de, 1 _d645?-175? |
|
| 245 | 1 | 0 |
_aDiario de sucesos notables (1665-1703) / _cAntonio de Robles ; ed. y pról. de Antonio Castro Leal |
| 260 |
_aMéxico : _bPorrúa, _c1946 |
||
| 300 | _a3 v | ||
| 440 | 0 |
_aColección de escritores mexicanos; _v30-32 |
|
| 505 | _aContenido: v.1. 1665-1681 -- v.2. 1682-1694 -- v.3. 1695-1703 | ||
| 651 | 4 |
_aMéxico _xHistoria _xCronología _97932 |
|
| 905 | _aLibro | ||
| 999 |
_c14998 _d14998 |
||